| 000 | 00682nam a2200265Ia 4500 | ||
|---|---|---|---|
| 008 | 171025s9999 xx 000 0 und d | ||
| 020 | _a9712318184 | ||
| 050 | _a378.24 | ||
| 050 | _bC164 1995 | ||
| 100 | _aCalmorin, Laurentina | ||
| 245 | _aMethods of research and thesis writing / | ||
| 245 | _cLaurentina Calmorin. | ||
| 250 | _aFirst edition | ||
| 260 | _aPhilippines : | ||
| 260 | _bRex, | ||
| 260 | _c1995 | ||
| 300 | _a390 pages : | ||
| 300 | _billustrations ; | ||
| 300 | _c22cm. | ||
| 500 | _aIncludes glossary, appendix and index. | ||
| 650 | _aDissertation, Academic. | ||
| 650 | _aResearch. | ||
| 700 | _aCalmorin, Melchor A. | ||
| 700 | _aTitle. | ||
| 999 |
_c344490 _d344490 |
||